| 000 | 00928nam a2200241 a 4500 | ||
|---|---|---|---|
| 001 | 000027541 | ||
| 005 | 20250204073952.0 | ||
| 008 | 110401s1982 dr 000 0 spa d | ||
| 040 |
_aDO-SdBNP _bspa _cBNPHU |
||
| 082 |
_axxx _bE59d |
||
| 245 | 0 | 1 |
_aEnsayo de diccionario de administración pública / _ccoordinación, Raymundo Amaro Guzmán ; compilación y síntesis, Gustavo Benedicto ... [et al.]. |
| 260 |
_aSanto Domingo : _bPublicaciones ONAP, _c1982. |
||
| 300 |
_a649 p. ; _c32 cm. |
||
| 490 | 1 |
_aONAP _aensayos _v5 |
|
| 500 | _aTítulo de la cubierta: Diccionario de Administración Pública | ||
| 700 | 1 |
_aAmaro Guzmán, Raymundo _eed. _9656 |
|
| 700 | 1 |
_aBenedicto, Gustavo, _ecomp. _918754 |
|
| 700 | 1 |
_aLebrón Saviñon, Mariano _d1922-2014 _ecomp. _97227 |
|
| 700 | 1 |
_aScheker Hane, Luis _ecomp. _954632 |
|
| 700 | 1 |
_aLeyba de Mieses, Gertrudis _ecomp. _954633 |
|
| 830 | 0 |
_aONAP _pensayos _v5 _954634 |
|
| 049 | _aBNPD | ||
| 999 |
_c27033 _d27033 |
||